Climate and Atmospheric Dynamics and Predictability (Record no. 14830)
[ view plain ]
| 000 -LEADER | |
|---|---|
| fixed length control field | 00825nam a2200121Ia 4500 |
| 008 - FIXED-LENGTH DATA ELEMENTS--GENERAL INFORMATION | |
| fixed length control field | 220615s9999||||xx |||||||||||||| ||und|| |
| 245 #0 - TITLE STATEMENT | |
| Title | Climate and Atmospheric Dynamics and Predictability |
| 546 ## - LANGUAGE NOTE | |
| Language note | English[eng] |
| 650 ## - SUBJECT ADDED ENTRY--TOPICAL TERM | |
| Topical term or geographic name entry element | drought||forecasting||Latin America||Lagrangian numerical method||ocean modeling||ocean mixing||atmospheric sounding||Costa Rica||GPS||MODIS||precipitable water vapor||Blizzards||blowing snow||climatology||self-organizing maps||synoptic typing||anthropogenic land cover changes||hydrological model MIKE-SHE||time-series statistical analysis||trend analysis||Spercheios river basin||cold fronts||Mediterranean||identification scheme||Frontal Tracking Scheme (FTS)||MedFTS |
| 700 ## - ADDED ENTRY--PERSONAL NAME | |
| Personal name | Pytharoulis, Ioannis||Katsafados, Petros |
| 856 ## - ELECTRONIC LOCATION AND ACCESS | |
| Uniform Resource Identifier | <a href="https://mdpi.com/books/pdfview/book/3323">https://mdpi.com/books/pdfview/book/3323</a> |
| 942 ## - ADDED ENTRY ELEMENTS (KOHA) | |
| Koha item type | E-Books |
| Withdrawn status | Lost status | Damaged status | Not for loan | Home library | Current library | Date acquired | Total Checkouts | Date last seen | Price effective from | Koha item type |
|---|---|---|---|---|---|---|---|---|---|---|
| Kerala University of Digital Sciences, Innovation and Technology Knowledge Centre | Kerala University of Digital Sciences, Innovation and Technology Knowledge Centre | 15/06/2022 | 15/06/2022 | 15/06/2022 | E-Books |